Hidroponia comercial
Saved in:
| Hovedforfatter: | |
|---|---|
| Format: | Bog |
| Sprog: | spansk |
| Udgivet: |
Ciudad de México
Diana
1999
|
| Udgivelse: | 1a. ed |
| Fag: | |
| Tags: |
Tilføj Tag
Ingen Tags, Vær først til at tagge denne postø!
|
MARC
| LEADER | 00000nam a2200000 a 4500 | ||
|---|---|---|---|
| 001 | UCK8028 | ||
| 003 | CL-VaPUC | ||
| 008 | 060113e19990000MX |||||||||||||||||spa|d | ||
| 020 | |a 9681331656 | ||
| 082 | 0 | 4 | |a 631.585 |b SAM |2 21 |
| 100 | 0 | |a Samperio Ruiz, Gloria |e author |9 497814 | |
| 245 | 1 | 0 | |a Hidroponia comercial |
| 250 | |a 1a. ed | ||
| 300 | |a 172 p | ||
| 942 | |c BK | ||
| 945 | |d 20060113 00:00:00 |a cmena | ||
| 260 | |a Ciudad de México |b Diana |c 1999 | ||
| 650 | 0 | |a Hidroponía |x Hortalizas |9 380084 | |
| 650 | 0 | |a Horticultura |9 259721 | |
| 650 | 0 | |a Invernaderos |9 264317 | |
| 650 | 0 | |a Proyectos de inversión |9 261065 | |
| 650 | 0 | |a Agricultura |9 255598 | |
| 583 | |a last modification |c 20060113 00:00:00 |k Rodrigo Vera | ||
| 999 | |c 315862 |d 315860 | ||
| 952 | |0 0 |1 0 |4 0 |6 631_585000000000000_SAM_1999 |7 0 |8 A |9 389681 |a BIBEDU |b BIBEDU |d 2019-11-22 |i 4201434 |o 631.585 SAM 1999 |p 4201434 |r 2019-11-22 |w 2019-11-22 |y BK |k EBA | ||